Sports Quiz

Random Sports or Football Quiz
Score 0/41 Timer 08:00
39 Plays Today
Year Pick % Correct
2012 (Colts)Andrew Luck
94.2%
1998 (Colts)Peyton Manning
93.3%
2004 (Chargers)Eli Manning
92.3%
2015 (Buccaneers)Jameis Winston
91.3%
2005 (49ers)Alex Smith
91.2%
2020 (Bengals)Joe Burrow
90.4%
2018 (Browns)Baker Mayfield
90%
2016 (Rams)Jared Goff
90%
2001 (Falcons)Michael Vick
89.4%
2019 (Cardinals)Kyler Murray
89.1%
2003 (Bengals)Carson Palmer
88.1%
2007 (Raiders)JaMarcus Russell
87.1%
2014 (Texans)Jadeveon Clowney
85.2%
2002 (Texans)David Carr
83.2%
2017 (Browns)Myles Garrett
79.4%
2008 (Dolphins)Jake Long
79.3%
2006 (Texans)Mario Williams
78.8%
2009 (Lions)Matthew Stafford
78.5%
1996 (Jets)Keyshawn Johnson
71.5%
1999 (Browns)Tim Couch
70.2%
1989 (Cowboys)Troy Aikman
68.8%
Year Pick % Correct
1993 (Patriots)Drew Bledsoe
67.8%
1985 (Bills)Bruce Smith
63.8%
2010 (Rams)Sam Bradford
59.6%
1997 (Rams)Orlando Pace
58.5%
2013 (Chiefs)Eric Fisher
58.5%
1983 (Colts)John Elway
56.4%
2011 (Panthers)Cam Newton
50.9%
2000 (Browns)Courtney Brown
48.8%
1987 (Bucs)Vinny Testaverde
47.9%
1986 (Bucs)Bo Jackson
46.1%
1995 (Bengals)Ki-Jana Carter
42.6%
1990 (Colts)Jeff George
36.7%
1980 (Lions)Billy Sims
26.8%
1984 (Patriots)Irving Fryar
21.3%
1991 (Cowboys)Russell Maryland
20.8%
1994 (Bengals)Dan Wilkinson
20.4%
1981 (Saints)George Rogers
18.4%
1992 (Colts)Steve Emtman
17.2%
1982 (Patriots)Kenneth Sims
17.2%
1988 (Falcons)Aundray Bruce
13.5%
Remove Ads.
Support Sporcle.
Get the best of Sporcle when you Go Orange. This ad-free experience offers more features, more stats, and more fun while also helping to support Sporcle. Thank you for becoming a member.

You're not logged in!

Compare scores with friends on all Sporcle quizzes.
OR
Log In

Show Comments

Extras

Top Quizzes Today


Score Distribution

Your Account Isn't Verified!

In order to create a playlist on Sporcle, you need to verify the email address you used during registration. Go to your Sporcle Settings to finish the process.

Report this User

Report this user for behavior that violates our Community Guidelines.

Details: